Представление документа в формате RUSMARC

ПолеНазваниеЗначение
  Тип записи i
  Библиографический уровень m
001 Контрольный номер RU/ГПНТБ России/KNIGADB/84(2Рос=Рус)6/П 49-593827162
005 Дата корректировки 20211217162021.9
010 Индекс ISBN __
a ISBN 978-5-9677-2765-8
b Уточнения в кор.
d Цена 227-00
100 Данные общей обработки __
a Данные общей обработки 20201215d2020####d y0rusy0289 ca
101 Язык документа 0_
a Язык текста rus
102 Страна публикации __
a Страна публикации RU
105 Кодированные данные (монография) __
a Кодированные данные (монография) y z 000yy
106 Кодированные данные (форма документа) __
a Кодированные данные для формы документа (Обозначение носителя) s
125 Кодированные данные звукозаписи и нотных изданий __
b Определитель литературного текста c
126 Кодированные данные (звукозаписи-физические характеристики) __
a Кодированные данные звукозаписи (общие) agbхhхх cd
b Кодированные данные звукозаписи (уточнения) xxx
127 Кодированные данные (звукозаписи-физические характеристики) __
a Продолжительность проигрывания 1401##
135 Кодированные данные (электронные ресурсы) __
a Кодированные данные (электронные ресурсы) hongannnauuuu
139 Кодированные данные (электронные ресурсы) __
a Кодированные данные (электронные ресурсы) сaz
181 Поле кодированных данных: вид содержания _0
a Код вида содержания (ISBD) h
182 Поле кодированных данных: тип средства _0
a Код типа средства (ISBD) a
200 Заглавие и сведения об ответственности 1_
a Заглавие Повесть о настоящем человеке
f Первые сведения об ответственности Борис Полевой ; исполняет Кирилл Захарчук ; генеральный продюсер Андрей Лобзов ; режиссер Виктория Козельцева
e Сведения, относящиеся к заглавию [аудиокнига]
203 Вид содержания и тип средства __
a Вид содержания Устная речь
c Тип средства аудио
210 Выходные данные 1_
a Место издания Москва
c Издательство 1С-Паблишинг
d Дата издания 2018
215 Физическое описание __
a Объем 1 эл. опт. диск (CD-ROM) (14ч. 01мин.)
d Формат 12 см
c Иллюстрации/тип воспроизводства зв.
225 Серия 2_
a Серия 1С: Аудиокниги
225 Серия 2_
a Серия Наши современники
300 Общие примечания __
a Общие примечания Заглавие с этикетки диска
300 Общие примечания __
a Общие примечания Данные в формате MP3
330 Аннотация __
a Аннотация Сюжет книги основан на реальных событиях. Герой повести - советский летчик Алексей Мересьев. Его прототипом стал Алексей Петрович Маресьев, летчик-ас, Герой Советского Союза. С ним военная судьба свела фронтового корреспондента Бориса Николаевича Полевого летом 1943 года, во время Орловско-Курской битвы. Всю ночь он записывал за Маресьевым историю его подвига. Книга, основанная на этих записях, увидела свет уже после войны. Написанная всего лишь за 19 дней, она вышла в 1946 году, в то время, когда искалеченные войной мужчины учились жить заново: кто без рук, кто без ног, а кто и в помутненном сознании: не все могли выдержать физическую и душевную боль и глушили ее алкоголем… История сбитого летчика, который преодолел немыслимые страдания и, лишившись обеих ног, сумел вернуться в истребительную авиацию, чтобы воевать с фашистскими асами, многих тогда заставила поверить в себя, выстоять, остаться людьми.
333 Примечание о целевом назначении __
a Примечание о целевом назначении 12+. Для детей старше 12 лет
337 Примечание о системных требованиях (электронные ресурсы) __
a Примечание о системных требованиях (электронные ресурсы) Системные требования : MS Windows 95/98/2000/ XP/Vista/7/8/10 ; Pentium 100 ; ОЗУ 16 Мб ; монитор SVGA, 800x600 ; устройство чтения CD/DVD-ROM ; зв. карта ; колонки или наушники ; мышь
600 Персоналии _1
a Персоналии (Фамилия) Маресьев
b Персоналии (Имя) А. П.
g Полное имя Алексей Петрович
f Даты 1916-2001
606 Тематические рубрики __
a Основная рубрика Художественная литература
606 Тематические рубрики __
a Основная рубрика Русская литература XX в. (произведения)
610 Ключевые слова 0_
a Ключевые слова повести
610 Ключевые слова 0_
a Ключевые слова герои ВОВ
610 Ключевые слова 0_
a Ключевые слова биографические повести
610 Ключевые слова 0_
a Ключевые слова Великая Отечественная война
610 Ключевые слова 0_
a Ключевые слова летчики
610 Ключевые слова 0_
a Ключевые слова персоналии
610 Ключевые слова 0_
a Ключевые слова повести
610 Ключевые слова 0_
a Ключевые слова советская литература
610 Ключевые слова 0_
a Ключевые слова тема Великой Отечественной войны
610 Ключевые слова 0_
a Ключевые слова тема войны
610 Ключевые слова 0_
a Ключевые слова тема героизма
610 Ключевые слова 0_
a Ключевые слова тема мужества
610 Ключевые слова 0_
a Ключевые слова тема подвигов
686 Индексы других классификаций __
2 Код системы rubbks
a Классификационный индекс 84(2=411.2)6-4я04; ст84(2=411.2)6-4я0
700 Автор _1
a Фамилия Полевой
b Имя Б. Н.
g Полное личное имя Борис Николаевич
f Даты 1908-1981
4 Код отношения 070
702 Вторичная интеллектуальная ответственность _1
a Фамилия Захарчук
b Имя К.
g Полное личное имя Кирилл
4 Код отношения 590
702 Вторичная интеллектуальная ответственность _1
a Фамилия Лобзов
b Имя А.
g Полное личное имя Андрей
4 Код отношения 665
702 Вторичная интеллектуальная ответственность _1
a Фамилия Козельцева
b Имя В.
g Полное личное имя Виктория
4 Код отношения 300
801 Источник записи _0
b Организация ГПНТБ России
a Страна RU
c Дата составления 20201215
g Правила каталогизации PSBO
801 Источник записи _1
b Организация ГПНТБ России
a Страна RU
c Дата составления 20201215
g Правила каталогизации PSBO
852 Данные о местонахождении 5_
j Шифр хранения 84(2=411.2)6-4я04
i Авторский знак П 49
900 Макрообъекты __
a Макрообъекты Повесть о настоящем человеке. Б. Полевой, 2018 г. (эл. ресурс)
901 Тип документа __
a Ответственный ООФиК/Волкова
t Тип документа 0
903 Характеристики (МАРС) __
a Дата передачи 20210202
c Наименование библиотеки (МАРС) Муниципальное бюджетное учреждение культуры "Централизованная библиотечная система" г. Сургут (Центральная городская библиотека им. А. С. Пушкина)
969 Тип издания __
a Тип издания аудиокнига
a Тип издания издание для слепых
990 Данные о заказе (DOS) __
j Количество экземпляров (DOS) 2
t N записи в КСУ для И/У (DOS) 202102